000 00505nab a2200145Ia 4500
003 ES-SlBCS
005 20210601135038.0
008 140529s1978 xxu||||| |||| 00| 0 spa d
041 _aspa
100 1 _aFernández Rodríguez, María Montserrat
_9226959
245 0 0 _aProblemas pedagógicos y lingüísticos de la educación del alumno sordo
_c María Montserrat Fernández Rodríguez
650 0 4 _aEducación-Sordos
_9141904
773 0 _tAula Abierta
_gnº. 23, 1978, págs. 29-34
_wRev1053
942 _cAR
999 _c622066
_d622066